Deconstructing terrorist violence : (Record no. 93135)
[ view plain ]
| 000 -LEADER | |
|---|---|
| fixed length control field | 01070nam a22002417a 4500 |
| 005 - DATE AND TIME OF LATEST TRANSACTION | |
| control field | 20150602111231.0 |
| 010 ## - LCCN (DPL NO) | |
| LC control number | ENG-112742 |
| 020 ## - INTERNATIONAL STANDARD BOOK NUMBER | |
| International Standard Book Number | 9789351500643 |
| Terms of availability | 650.00 |
| 035 ## - SYSTEM CONTROL NUMBER | |
| System control number | EN-96274 |
| 037 ## - SOURCE OF ACQUISITION | |
| Source of stock number/acquisition | DBAD/PUB |
| 082 ## - DEWEY DECIMAL CLASSIFICATION NUMBER | |
| Classification number | 201.763325 |
| 100 ## - MAIN ENTRY--PERSONAL NAME | |
| Personal name | Puniyani, Ram |
| 245 ## - TITLE STATEMENT | |
| Title | Deconstructing terrorist violence : |
| Statement of responsibility, etc | by Ram Puniyani |
| Remainder of title | faith as a mask / |
| 260 ## - PUBLICATION, DISTRIBUTION, ETC. (IMPRINT) | |
| Place of publication, distribution, etc | New Delhi |
| Name of publisher, distributor, etc | Sage Publications |
| Date of publication, distribution, etc | 2015 |
| 270 ## - ADDRESS | |
| Address | B-1/1-1, Mohan Cooperative Industrial Area, Mathura Road, |
| City | New Delhi |
| Postal code | 110044 |
| 300 ## - PHYSICAL DESCRIPTION | |
| Extent | xxvi,180p. |
| Dimensions | 22cm(Hb) |
| 500 ## - GENERAL NOTE | |
| General note | Includes bibliographical references and index |
| 505 ## - FORMATTED CONTENTS NOTE | |
| Formatted contents note | World gripped by terror -- Changing goals of colonialism-imperialism -- Islam : through ages -- Hindutva terrorism -- Hinduism to Hindutva -- Al Qaeda strikes : Mumbai terror attack -- Civilizations-religions : clash or alliance -- Religion, power and violence. |
| 650 ## - SUBJECT ADDED ENTRY--TOPICAL TERM | |
| Topical term or geographic name as entry element | Terrorism |
| General subdivision | Religious aspects. |
| 650 ## - SUBJECT ADDED ENTRY--TOPICAL TERM | |
| Topical term or geographic name as entry element | Violence |
| General subdivision | Religious aspects. |
| 650 ## - SUBJECT ADDED ENTRY--TOPICAL TERM | |
| Topical term or geographic name as entry element | Religion and politics. |
| 942 ## - ADDED ENTRY ELEMENTS (KOHA) | |
| Source of classification or shelving scheme | Dewey Decimal Classification |
| Item type | English Books |
| Call number suffix | PUN |
| Classification part | 201.763325 |
| Withdrawn status | Lost status | Not for loan | Collection code | Home library | Current library | Date acquired | Source of acquisition | Cost, normal purchase price | Full call number | Barcode | Copy number | Cost, replacement price | Koha item type |
|---|---|---|---|---|---|---|---|---|---|---|---|---|---|
| Not For Loan | Non-fiction | D.B.Act.Division | D.B.Act.Division | 23/04/2015 | DBAD/PUB | 650.00 | 201.763325 PUN | EN-96274 | 1 | 650.00 | English Books |
